[Event "POR-ch Seniors 65"]
[Site "Luso"]
[Date "2018.03.26"]
[Round "2"]
[White "Mendes, Alberto Correia"]
[Black "Santos, Julio Fernandes"]
[Result "0-1"]
[WhiteElo "1647"]
[BlackElo "1897"]
[PlyCount "68"]
[EventDate "2018.03.25"]
[EventType "swiss"]
[EventRounds "5"]
[EventCountry "POR"]
[SourceTitle "EXT 2019"]
[Source "ChessBase"]
[SourceDate "2018.10.10"]
[SourceVersion "1"]
[SourceVersionDate "2018.10.10"]
[SourceQuality "1"]

1. e4 e5 2. f4 d5 3. exd5 exf4 4. Bb5+ Bd7 5. Qe2+ Be7 6. Nf3 Nf6 7. Nc3 0-0 8. 0-0 a6 9. Bc4 Re8 10. d4 b5 11. Bb3 b4 12. Nd1 Bb5 13. Bc4 Bxc4 14. Qxc4 Nxd5 15. Ne5 f6 16. Nd3 Kh8 17. Nxf4 Nb6 18. Qd3 Nc6 19. c3 Nd5 20. Qf3 Nxf4 21. Bxf4 Qd7 22. Nf2 Bd6 23. Bxd6 cxd6 24. Nd3 bxc3 25. bxc3 Rac8 26. Rfe1 Na5 27. Rxe8+ Qxe8 28. Nb4 Qb5 29. Re1 h6 30. h3 Nc4 31. Re7 a5 32. Nd5 Qb1+ 33. Kh2 Nd2 34. Qf4 Nf1+ 0-1

[Event "POR-ch Seniors 65+"]
[Site "Luso"]
[Date "2017.04.09"]
[Round "1"]
[White "Coimbra, Joao Marcial Ferrei"]
[Black "Mendes, Alberto Correia"]
[Result "0-1"]
[WhiteElo "1382"]
[BlackElo "1683"]
[PlyCount "84"]
[EventDate "2017.04.09"]
[EventType "swiss"]
[EventRounds "5"]
[EventCountry "POR"]
[SourceTitle "EXT 2018"]
[Source "ChessBase"]
[SourceDate "2017.10.13"]
[SourceVersion "1"]
[SourceVersionDate "2017.10.13"]
[SourceQuality "1"]

1. c3 e5 2. d3 d5 3. e3 c5 4. Nd2 Nf6 5. h3 h6 6. g3 Nc6 7. Bg2 Be6 8. b3 Be7 9. Bb2 0-0 10. Ne2 Qd7 11. Qc2 Rac8 12. a3 Rfd8 13. Nc1 b6 14. Qb1 e4 15. Bf1 Bf5 16. d4 cxd4 17. cxd4 Nb8 18. Ne2 Rc7 19. Bc3 a6 20. Qb2 Rdc8 21. Rc1 Bd6 22. Nb1 Qe7 23. Ng1 Bd7 24. Be2 Nh7 25. h4 Nf6 26. Nh3 Bg4 27. Nf4 Bxe2 28. Kxe2 Bxf4 29. gxf4 h5 30. Bd2 Ng4 31. Rxc7 Rxc7 32. b4 Rb7 33. Nc3 Qc7 34. b5 Qd6 35. Qb3 Rd7 36. Rc1 Kh7 37. Nd1 Rd8 38. Bc3 Qe6 39. Bb2 Nh2 40. Kd2 Nf3+ 41. Kc2 Rc8+ 42. Kb1 Nd2+ 0-1

[Event "POR-ch Seniors 65+"]
[Site "Luso"]
[Date "2016.07.23"]
[Round "4"]
[White "Mendes, Alberto Correia"]
[Black "Videira, Alfredo Batista Men"]
[Result "1-0"]
[WhiteElo "1710"]
[BlackElo "1476"]
[PlyCount "91"]
[EventDate "2016.07.21"]
[EventType "swiss"]
[EventRounds "5"]
[EventCountry "POR"]
[SourceTitle "EXT 2018"]
[Source "ChessBase"]
[SourceDate "2017.10.13"]
[SourceVersion "1"]
[SourceVersionDate "2017.10.13"]
[SourceQuality "1"]

1. e4 c5 2. Nc3 d6 3. g3 Nf6 4. Bg2 e5 5. d3 a6 6. a4 Nc6 7. Bg5 Be7 8. Nge2 0-0 9. 0-0 Nb4 10. h3 Bd7 11. Kh2 Ng4+ 12. hxg4 Bxg5 13. Ng1 Be7 14. f3 Rc8 15. b3 Qc7 16. Nce2 Nc6 17. c4 Nb4 18. Nc3 Bg5 19. f4 exf4 20. gxf4 Bf6 21. Rc1 Rfe8 22. Bh3 Bd4 23. Qf3 Re7 24. Nge2 Bf6 25. g5 Bxc3 26. Bxd7 Rxd7 27. Rxc3 Re8 28. Ng3 Nc6 29. Nf5 Nd4 30. Nxd4 cxd4 31. Rc2 d5 32. e5 Qc5 33. Rfc1 Qe7 34. cxd5 Red8 35. Rc8 Qb4 36. Rxd8+ Rxd8 37. Qd1 g6 38. Rc4 Qb6 39. d6 Kg7 40. Qc2 Rd7 41. Qb2 h6 42. gxh6+ Kxh6 43. Rxd4 Qc6 44. Re4 f6 45. Qg2 Rh7 46. exf6 1-0

[Event "POR-ch Seniors 65+"]
[Site "Luso"]
[Date "2016.07.21"]
[Round "1"]
[White "Coimbra, Joao Marcial Ferrei"]
[Black "Mendes, Alberto Correia"]
[Result "1-0"]
[WhiteElo "1397"]
[BlackElo "1710"]
[PlyCount "157"]
[EventDate "2016.07.21"]
[EventType "swiss"]
[EventRounds "5"]
[EventCountry "POR"]
[SourceTitle "EXT 2018"]
[Source "ChessBase"]
[SourceDate "2017.10.13"]
[SourceVersion "1"]
[SourceVersionDate "2017.10.13"]
[SourceQuality "1"]

1. c3 e5 2. d3 d5 3. e3 Nf6 4. Nd2 Bd6 5. h3 b6 6. d4 e4 7. a3 0-0 8. Be2 c6 9. Nf1 Qc7 10. g3 a5 11. b3 b5 12. Bb2 Be6 13. Qc1 Nbd7 14. Bd1 Nb6 15. Be2 h6 16. Qd2 Nh7 17. h4 f5 18. Nh3 Nf6 19. Nf4 Bxf4 20. gxf4 h5 21. Ng3 g6 22. Rg1 Kh7 23. Nf1 Qe7 24. Rg5 Rh8 25. Kd1 Kg7 26. Qe1 Kf7 27. Ng3 Nh7 28. Qg1 Nxg5 29. fxg5 Kg7 30. Nf1 Ra7 31. Qg3 Qc7 32. Qf4 Re8 33. Kd2 Kh7 34. Rc1 Qxf4 35. exf4 a4 36. b4 e3+ 37. fxe3 Rae7 38. Bd3 Na8 39. Re1 Nc7 40. Nh2 Bc8 41. Nf3 Na8 42. Ne5 Re6 43. Re2 Nb6 44. Rg2 Nd7 45. Rg3 Nxe5 46. dxe5 Bd7 47. Be2 c5 48. Kd3 Rc6 49. Rg1 cxb4 50. Rc1 Rec8 51. axb4 a3 52. Bxa3 Ra6 53. Bb2 Ra2 54. Rc2 Bc6 55. Kd4 Rca8 56. Bd3 Kg7 57. Be2 Kf7 58. Bf3 Ke6 59. Rd2 R8a3 60. Bd1 Ra7 61. Bb3 R2a6 62. Kc5 Rd7 63. Kd4 Bb7 64. Rc2 Ba8 65. Rc1 Bb7 66. Rd1 Rc6 67. Bc2 Rc4+ 68. Kd3 d4 69. exd4 Be4+ 70. Kd2 Bxc2 71. Kxc2 Rd5 72. Kd3 Rc6 73. Ra1 Rd7 74. Ra5 Rb7 75. Ra8 Rcc7 76. Ra6+ Kf7 77. Rd6 Rd7 78. e6+ Ke7 79. Rxd7+ 1-0

[Event "POR-ch Seniors"]
[Site "Sao Pedro do Sul"]
[Date "2015.01.14"]
[Round "6"]
[White "Alves, Fernando Pereira"]
[Black "Mendes, Alberto Correia"]
[Result "0-1"]
[WhiteElo "1764"]
[BlackElo "1800"]
[PlyCount "56"]
[EventDate "2015.01.11"]
[EventType "swiss"]
[EventRounds "7"]
[EventCountry "POR"]
[SourceTitle "EXT 2018"]
[Source "ChessBase"]
[SourceDate "2017.10.13"]
[SourceVersion "1"]
[SourceVersionDate "2017.10.13"]
[SourceQuality "1"]

1. e4 e5 2. Nf3 Nc6 3. Bc4 Be7 4. d4 exd4 5. c3 Na5 6. Bd3 dxc3 7. 0-0 d6 8. Nxc3 Nf6 9. e5 dxe5 10. Nxe5 0-0 11. Bg5 h6 12. Bh4 Nd7 13. Bg3 Nxe5 14. Bxe5 Bf6 15. Re1 Bxe5 16. Rxe5 Nc6 17. Re3 a6 18. a3 Be6 19. Qe1 Qc8 20. Rg3 Ne7 21. Qe4 Nf5 22. Re1 g6 23. Nd5 Qd8 24. Rxg6+ fxg6 25. Qxe6+ Kg7 26. Qe5+ Kh7 27. Ne7 Re8 28. Qf6 Rxe7 0-1

[Event "POR-ch Seniors"]
[Site "Sao Pedro do Sul"]
[Date "2015.01.13"]
[Round "3"]
[White "Mendes, Alberto Correia"]
[Black "Videira, Alfredo Batista Men"]
[Result "1-0"]
[WhiteElo "1800"]
[BlackElo "1432"]
[PlyCount "75"]
[EventDate "2015.01.11"]
[EventType "swiss"]
[EventRounds "7"]
[EventCountry "POR"]
[SourceTitle "EXT 2018"]
[Source "ChessBase"]
[SourceDate "2017.10.13"]
[SourceVersion "1"]
[SourceVersionDate "2017.10.13"]
[SourceQuality "1"]

1. e4 c5 2. Nc3 e6 3. g3 a6 4. Bg2 Qc7 5. d3 b5 6. a3 Bb7 7. Nge2 d6 8. 0-0 Be7 9. Be3 Nf6 10. Re1 Nbd7 11. h3 0-0 12. Rb1 Rac8 13. Na2 d5 14. Bg5 Rfd8 15. exd5 exd5 16. Nf4 h6 17. Bxh6 gxh6 18. Rxe7 Re8 19. Rxe8+ Rxe8 20. Nc3 Nb6 21. Nh5 Nxh5 22. Qxh5 Re6 23. Nxd5 Qd6 24. Nxb6 Qxb6 25. Bxb7 Qxb7 26. Qxc5 Rc6 27. Qd5 Qb6 28. c3 Rd6 29. Qf3 Rf6 30. Qe3 Qc6 31. Re1 Kf8 32. Qe7+ Kg7 33. Re4 Qb6 34. d4 Qc6 35. Rg4+ Kh7 36. Qe4+ Rg6 37. Qxc6 Rxc6 38. Re4 1-0

[Event "EU-ch Seniors 65 14th"]
[Site "Porto"]
[Date "2014.03.16"]
[Round "8"]
[White "Urbanc, Vinko"]
[Black "Mendes, Alberto Correia"]
[Result "0-1"]
[WhiteElo "1868"]
[BlackElo "1808"]
[PlyCount "84"]
[EventDate "2014.03.09"]
[EventType "swiss"]
[EventRounds "9"]
[EventCountry "POR"]
[SourceTitle "CBM 159 Extra"]
[Source "ChessBase"]
[SourceDate "2014.04.24"]
[SourceVersion "1"]
[SourceVersionDate "2014.04.24"]
[SourceQuality "1"]

1. e4 e5 2. Nf3 Nc6 3. Bb5 f5 4. Nc3 fxe4 5. Nxe4 d5 6. Nxe5 dxe4 7. Qh5+ g6 8. Nxg6 Nf6 9. Qe5+ Be7 10. Nxh8 Qd6 11. Qc3 Be6 12. d4 0-0-0 13. Bxc6 Qxc6 14. Qxc6 bxc6 15. Be3 Nd5 16. h3 Rxh8 17. Ke2 h5 18. b3 Rg8 19. g3 a6 20. c4 Nxe3 21. Kxe3 Bf5 22. Rae1 Rf8 23. Ke2 Bg6 24. g4 Kb7 25. Rhg1 Bh4 26. Rg2 Rf3 27. Rh2 Bg5 28. Rg1 h4 29. Rd1 Rc3 30. d5 Bf4 31. dxc6+ Kxc6 32. Rhh1 Rc2+ 33. Kf1 Rxa2 34. g5 Bh5 35. Rb1 Be2+ 36. Ke1 Bd3 37. Rd1 Bxg5 38. Rg1 Be7 39. c5 Re2+ 40. Kf1 Bxc5 41. Rg5 Rxf2+ 42. Kg1 Rf5+ 0-1

[Event "EU-ch Seniors 65 14th"]
[Site "Porto"]
[Date "2014.03.12"]
[Round "4"]
[White "Mendes, Alberto Correia"]
[Black "Thieme, Hans"]
[Result "0-1"]
[WhiteElo "1808"]
[BlackElo "2130"]
[PlyCount "66"]
[EventDate "2014.03.09"]
[EventType "swiss"]
[EventRounds "9"]
[EventCountry "POR"]
[SourceTitle "CBM 159 Extra"]
[Source "ChessBase"]
[SourceDate "2014.04.24"]
[SourceVersion "1"]
[SourceVersionDate "2014.04.24"]
[SourceQuality "1"]

1. e4 c5 2. Nf3 b6 3. d4 cxd4 4. Nxd4 Bb7 5. f3 a6 6. Bc4 Qc7 7. Bb3 e6 8. c3 Nf6 9. Be3 Bd6 10. g3 h5 11. Qd2 Nc6 12. Qf2 Ne5 13. Qe2 h4 14. Nd2 hxg3 15. 0-0-0 gxh2 16. Kb1 Ng6 17. Bc2 Ke7 18. Nf1 Rh3 19. Qf2 Rah8 20. Ne2 b5 21. Rxd6 Kxd6 22. Nf4 Ke7 23. Nxg6+ fxg6 24. Qg2 Kf8 25. Bf2 R3h6 26. Bg3 Qc5 27. Bf4 g5 28. Bxg5 Rh3 29. f4 b4 30. cxb4 Qxb4 31. b3 Bxe4 32. Qe2 Bxh1 33. Qxa6 Bb7 0-1

[Event "EU-ch Seniors 65 14th"]
[Site "Porto"]
[Date "2014.03.09"]
[Round "1"]
[White "Mendes, Alberto Correia"]
[Black "Steedman, James"]
[Result "0-1"]
[WhiteElo "1808"]
[BlackElo "2130"]
[PlyCount "98"]
[EventDate "2014.03.09"]
[EventType "swiss"]
[EventRounds "9"]
[EventCountry "POR"]
[SourceTitle "CBM 159 Extra"]
[Source "ChessBase"]
[SourceDate "2014.04.24"]
[SourceVersion "1"]
[SourceVersionDate "2014.04.24"]
[SourceQuality "1"]

1. e4 c5 2. Nf3 Nc6 3. c3 d5 4. exd5 Qxd5 5. Be2 Nf6 6. 0-0 e6 7. Na3 Be7 8. Nc2 0-0 9. Ne3 Qd8 10. Qc2 b6 11. Rd1 Bb7 12. a3 Rc8 13. Qb1 Qc7 14. b4 Rfd8 15. h3 h6 16. Ra2 Ne5 17. Nxe5 Qxe5 18. Re1 Bd6 19. Nf1 Qg5 20. Ne3 Qe5 21. Nf1 Be4 22. d3 Ba8 23. Bd2 Qf5 24. Rb2 Nd5 25. Bf3 cxb4 26. axb4 Nxc3 27. Bxc3 Rxc3 28. Bxa8 Rxa8 29. Re3 Qg6 30. g3 Rac8 31. Kg2 Bb8 32. Rd2 Bf4 33. Qa2 Bxe3 34. Nxe3 Rxd3 35. Rxd3 Qxd3 36. Qxa7 Qe4+ 37. Kh2 Rc1 38. Ng2 Qxb4 39. Qb8+ Kh7 40. Qb7 Qc5 41. Qxf7 Qf5 42. Qd7 Qxf2 43. Qd3+ Qf5 44. Qe3 Rc5 45. Qb3 b5 46. Qe3 Rc2 47. g4 Qd5 48. Qg3 b4 49. h4 Rxg2+ 0-1

[Event "POR-ch Seniors"]
[Site "Torres Vedras"]
[Date "2014.01.14"]
[Round "3"]
[White "Mendes, Alberto Correia"]
[Black "Mano, Avelino De Sousa"]
[Result "1-0"]
[WhiteElo "1796"]
[BlackElo "1471"]
[PlyCount "69"]
[EventDate "2014.01.12"]
[EventType "swiss"]
[EventRounds "7"]
[EventCountry "POR"]
[SourceTitle "EXT 2015"]
[Source "ChessBase"]
[SourceDate "2014.11.20"]
[SourceVersion "1"]
[SourceVersionDate "2014.11.20"]
[SourceQuality "1"]

1. e4 e5 2. f4 Bc5 3. Nf3 d6 4. c3 Bg4 5. Be2 exf4 6. d4 Bxf3 7. Bxf3 Qh4+ 8. Kf1 Bb6 9. Qe1 Qxe1+ 10. Kxe1 g5 11. h4 Nd7 12. hxg5 Ne7 13. Bxf4 0-0-0 14. Nd2 Ng6 15. g3 a6 16. Nc4 Rde8 17. Kd2 Kb8 18. Rae1 Ba7 19. Kd3 Ka8 20. Rh2 Kb8 21. Reh1 Ndf8 22. Ne3 Ne7 23. Ng4 Ng8 24. e5 Ng6 25. Rxh7 Rxh7 26. Rxh7 dxe5 27. Nxe5 Nxe5+ 28. Bxe5 Bb6 29. Rxf7 Ne7 30. Be4 Nc8 31. g6 Nd6 32. Bxd6 cxd6 33. Rxb7+ Kc8 34. Rxb6 Re6 35. Bf5 1-0

[Event "POR-ch Seniors"]
[Site "Torres Vedras"]
[Date "2014.01.13"]
[Round "2"]
[White "Mendes, Alberto Correia"]
[Black "Santos, Julio Fernandes"]
[Result "0-1"]
[WhiteElo "1796"]
[BlackElo "1957"]
[PlyCount "58"]
[EventDate "2014.01.12"]
[EventType "swiss"]
[EventRounds "7"]
[EventCountry "POR"]
[SourceTitle "EXT 2015"]
[Source "ChessBase"]
[SourceDate "2014.11.20"]
[SourceVersion "1"]
[SourceVersionDate "2014.11.20"]
[SourceQuality "1"]

1. e4 e5 2. Nf3 d6 3. d4 exd4 4. Nxd4 g6 5. c3 Bg7 6. Bd3 Ne7 7. 0-0 0-0 8. Be3 Re8 9. Qc1 Nbc6 10. f3 Ne5 11. Qd2 Nxd3 12. Qxd3 d5 13. Nb3 b6 14. Rd1 Bb7 15. exd5 Nxd5 16. Bf2 Qg5 17. h4 Qf4 18. Na3 Ne3 19. Re1 Nf5 20. Rxe8+ Rxe8 21. Re1 Be5 22. Rxe5 Qxe5 23. Nd2 h5 24. Nf1 Qe7 25. Nc2 Nxh4 26. Nce3 Qf6 27. Nd5 Nxf3+ 28. gxf3 Qg5+ 29. Kh2 Qxd5 0-1

[Event "POR-ch Seniors"]
[Site "Fatima"]
[Date "2013.03.25"]
[Round "3.4"]
[White "Alves, Fernando Pereira"]
[Black "Mendes, Alberto Correia"]
[Result "0-1"]
[WhiteElo "1833"]
[BlackElo "1810"]
[PlyCount "98"]
[EventDate "2013.03.23"]
[EventType "swiss"]
[EventRounds "7"]
[EventCountry "POR"]
[SourceTitle "EXT 2015"]
[Source "ChessBase"]
[SourceDate "2014.11.20"]
[SourceVersion "1"]
[SourceVersionDate "2014.11.20"]
[SourceQuality "1"]

1. e4 e5 2. Nf3 Nc6 3. Bc4 Be7 4. c3 Nf6 5. Qe2 d6 6. h3 0-0 7. d3 Na5 8. Bb5 Bd7 9. Bxd7 Qxd7 10. Be3 b6 11. Nbd2 c5 12. Nf1 Rfe8 13. Ng3 g6 14. Nh2 Nc6 15. Ng4 Qe6 16. f3 h5 17. Nxf6+ Bxf6 18. Nf1 d5 19. g4 Bh4+ 20. Bf2 Bxf2+ 21. Qxf2 hxg4 22. Ne3 dxe4 23. fxe4 Kg7 24. hxg4 Ne7 25. b3 Rh8 26. 0-0-0 Qf6 27. Rhf1 Qxf2 28. Rxf2 Rh3 29. Rdf1 Rf8 30. Kd2 g5 31. Nc4 Ng6 32. Nd6 Nf4 33. Rf3 Rxf3 34. Rxf3 Kg6 35. Nf5 f6 36. d4 cxd4 37. cxd4 exd4 38. Nxd4 Rd8 39. Kc3 Re8 40. Rf2 Rxe4 41. Rh2 Ne6 42. Nxe6 Rxe6 43. Kd4 Re7 44. Rf2 Re5 45. Rf3 Re2 46. a3 Rg2 47. Kd5 Rxg4 48. Kc6 f5 49. Kb7 f4 0-1

[Event "POR-ch Seniors"]
[Site "Lisbon"]
[Date "2007.03.27"]
[Round "3"]
[White "Cordovil, Joao Maria"]
[Black "Mendes, Alberto Correia"]
[Result "1/2-1/2"]
[WhiteElo "2219"]
[BlackElo "1844"]
[PlyCount "90"]
[EventDate "2007.03.25"]
[EventType "swiss"]
[EventRounds "7"]
[EventCountry "POR"]
[SourceTitle "EXT 2018"]
[Source "ChessBase"]
[SourceDate "2017.10.13"]
[SourceVersion "1"]
[SourceVersionDate "2017.10.13"]
[SourceQuality "1"]

1. d4 Nf6 2. Nc3 e6 3. e4 d6 4. f4 b6 5. Nf3 Bb7 6. Bd3 Be7 7. 0-0 0-0 8. e5 Nd5 9. Nxd5 Bxd5 10. Ng5 Bxg5 11. fxg5 dxe5 12. dxe5 g6 13. Qe1 c5 14. Bf4 Qc7 15. c4 Bb7 16. Qh4 Rd8 17. Qg3 Nc6 18. Rae1 Nd4 19. Re3 Qe7 20. Qh4 Qf8 21. Rh3 Qg7 22. Qf2 Rd7 23. Re1 Rad8 24. Be4 Bxe4 25. Rxe4 Nc6 26. Rhe3 Rd4 27. b3 Qf8 28. h4 Nb4 29. a3 Nd3 30. Qg3 Nxf4 31. Rxf4 Rxf4 32. Qxf4 Rd4 33. Qf2 Qe7 34. g3 Qd8 35. Qf3 Rd1+ 36. Kg2 Qd2+ 37. Re2 Qd4 38. Rf2 Qd7 39. Kh3 Rd3 40. Qa8+ Kg7 41. Rf3 Rd1 42. Rf2 Re1 43. Qf3 Kg8 44. Qa8+ Kg7 45. Qf3 Kg8 1/2-1/2

[Event "EU-chT Seniors 09th"]
[Site "Dresden"]
[Date "2007.02.21"]
[Round "6"]
[White "Mendes, Alberto Correia"]
[Black "Mann, Klaus Dieter"]
[Result "0-1"]
[WhiteElo "1844"]
[BlackElo "2116"]
[PlyCount "108"]
[EventDate "2007.02.16"]
[EventType "team-swiss"]
[EventRounds "9"]
[EventCountry "GER"]
[SourceTitle "CBM 117 Extra"]
[Source "ChessBase"]
[SourceDate "2007.05.09"]
[SourceVersion "1"]
[SourceVersionDate "2007.05.09"]
[SourceQuality "1"]

1. e4 c5 2. Nc3 d6 3. f4 Nc6 4. Bc4 Nf6 5. d3 e6 6. a4 Be7 7. Nf3 a6 8. 0-0 0-0 9. h3 Qc7 10. Bd2 b6 11. Ba2 Bb7 12. Rc1 Rab8 13. Qe1 Qd7 14. b3 d5 15. e5 Ne8 16. Ne2 f5 17. Bb1 d4 18. Qg3 Nc7 19. c4 dxc3 20. Nxc3 Nd5 21. Nxd5 Qxd5 22. Bc2 Rbc8 23. Kh2 a5 24. Bc3 Nd4 25. Bxd4 cxd4 26. Nd2 Ba3 27. Nc4 Bxc1 28. Rxc1 Qc5 29. Qf2 Kh8 30. Bd1 Bd5 31. Qb2 Rfd8 32. Rc2 Bxc4 33. Rxc4 Qd5 34. Qc2 Rxc4 35. bxc4 Qc5 36. h4 g6 37. Qe2 h6 38. g4 Kg7 39. Qf2 Qe7 40. gxf5 gxf5 41. Kh3 Kh7 42. Kh2 Qa3 43. Qf3 Qb2+ 44. Kh3 Rg8 45. Qe2 Qxe2 46. Bxe2 Rg1 47. Bh5 Kg7 48. Kh2 Ra1 49. Be8 Ra3 50. Bb5 Rxd3 51. Kg2 Re3 52. h5 d3 53. Kf2 d2 54. c5 d1N+ 0-1

[Event "Honra"]
[Site "Honra"]
[Date "2004.??.??"]
[Round "1"]
[White "Marques, Rui Filipe Pereira"]
[Black "Mendes, Alberto Correia"]
[Result "1/2-1/2"]
[WhiteElo "2015"]
[BlackElo "1910"]
[PlyCount "131"]
[EventDate "2004.??.??"]
[EventType "tourn"]
[EventRounds "7"]
[EventCountry "POR"]
[SourceTitle "EXT 2007"]
[Source "ChessBase"]
[SourceDate "2006.11.23"]
[SourceVersion "1"]
[SourceVersionDate "2006.11.23"]
[SourceQuality "1"]

1. e4 e5 2. Nf3 Nc6 3. Bb5 d6 4. d4 exd4 5. Nxd4 Bd7 6. Nc3 Nf6 7. Bxc6 bxc6 8. Qd3 Be7 9. Bg5 0-0 10. 0-0-0 a5 11. f3 Re8 12. g4 c5 13. Nf5 Be6 14. h4 h6 15. Qd2 Bxf5 16. gxf5 Kh7 17. Qg2 Qc8 18. Rdg1 Rg8 19. Rh3 c6 20. f4 Qb7 21. e5 Rab8 22. b3 dxe5 23. fxe5 Nh5 24. f6 Bf8 25. fxg7 Bxg7 26. Qe4+ Kh8 27. Qe2 f6 28. Qxh5 fxg5 29. hxg5 Qe7 30. Re3 Qe6 31. g6 Rgf8 32. Rge1 c4 33. Re4 cxb3 34. axb3 Rb4 35. Qh4 c5 36. Na4 Qd5 37. Rxb4 cxb4 38. Nb6 Qc6 39. Nc4 a4 40. Qe4 Qa6 41. Nd6 axb3 42. Nf7+ Kg8 43. Qd5 Qxg6 44. Nd6+ Kh8 45. Qxb3 Ra8 46. Nf7+ Kh7 47. Qd3 Qxd3 48. cxd3 Ra1+ 49. Kd2 Rxe1 50. Kxe1 Kg6 51. e6 Kf6 52. Nd8 b3 53. Kd2 Ke7 54. Nb7 Bd4 55. Na5 b2 56. Kc2 Kxe6 57. Nc4 h5 58. Nxb2 Bxb2 59. Kd2 h4 60. Ke2 Bd4 61. Kf3 Kf5 62. Kg2 Kg4 63. Kh1 Kf4 64. Kh2 Ke3 65. Kh1 Kxd3 66. Kh2 1/2-1/2

[Event "POR-ch Veterans"]
[Site "Portugal"]
[Date "2003.09.13"]
[Round "2"]
[White "Martins, Carlos Batista Nobr"]
[Black "Mendes, Alberto Correia"]
[Result "0-1"]
[WhiteElo "1781"]
[BlackElo "2003"]
[PlyCount "48"]
[EventDate "2003.09.??"]
[EventType "swiss"]
[EventRounds "6"]
[EventCountry "POR"]
[SourceTitle "EXT 2005"]
[Source "ChessBase"]
[SourceDate "2004.11.15"]
[SourceVersion "1"]
[SourceVersionDate "2004.11.15"]
[SourceQuality "1"]

1. e4 e5 2. Nf3 Nc6 3. Nc3 d6 4. Be2 f5 5. d3 Be7 6. 0-0 Nf6 7. Bd2 0-0 8. a3 Kh8 9. b4 a6 10. Re1 Be6 11. Bf1 f4 12. Nb1 Qd7 13. Bc1 Bg4 14. c3 g5 15. Be2 Rg8 16. Kh1 Rg6 17. Nbd2 Rag8 18. Bb2 Rh6 19. d4 Bxf3 20. Bxf3 g4 21. Be2 Qe8 22. f3 g3 23. Nf1 Rxh2+ 24. Nxh2 Qh5 0-1

[Event "POR-ch Veterans"]
[Site "Portugal"]
[Date "2003.09.12"]
[Round "1"]
[White "Mendes, Alberto Correia"]
[Black "Cruz, Abilio Francisco Da"]
[Result "1-0"]
[WhiteElo "2003"]
[BlackElo "1684"]
[PlyCount "57"]
[EventDate "2003.09.??"]
[EventType "swiss"]
[EventRounds "6"]
[EventCountry "POR"]
[SourceTitle "EXT 2005"]
[Source "ChessBase"]
[SourceDate "2004.11.15"]
[SourceVersion "1"]
[SourceVersionDate "2004.11.15"]
[SourceQuality "1"]

1. e4 c5 2. Nf3 e6 3. a3 a6 4. d4 cxd4 5. Nxd4 Nf6 6. Nc3 d5 7. Bg5 Be7 8. Bd3 dxe4 9. Nxe4 0-0 10. 0-0 Qxd4 11. Qf3 Qxb2 12. c3 Qb6 13. Nxf6+ gxf6 14. Qh5 f5 15. Bxe7 Nd7 16. Qg5+ Kh8 17. Bxf8 Nxf8 18. Qf6+ Kg8 19. Bxf5 Qc6 20. Bc2 Bd7 21. Rfd1 Ng6 22. Bxg6 hxg6 23. Rd3 e5 24. Qxe5 Re8 25. Qd4 Bf5 26. Re3 Be6 27. Rae1 b5 28. Re4 g5 29. Qf6 1-0